Derecho Político
Tallennettuna:
| Päätekijät: | , |
|---|---|
| Aineistotyyppi: | Kirja |
| Kieli: | espanja |
| Julkaistu: |
Santiago
LexisNexis
2005
|
| Painos: | 1a. ed |
| Sarja: | Colección Estudiantil
|
| Aiheet: | |
| Tagit: |
Lisää tagi
Ei tageja, Lisää ensimmäinen tagi!
|
MARC
| LEADER | 00000nam a2200000 a 4500 | ||
|---|---|---|---|
| 001 | UCK8086 | ||
| 003 | CL-VaPUC | ||
| 008 | 060113e20050000CL |||||||||||||||||spa|d | ||
| 020 | |a 9562385655 | ||
| 082 | 0 | 4 | |a 320.983 |b QUI |2 21 |
| 100 | 0 | |a Quinzio Figueiredo, Jorge Mario |e author |9 497888 | |
| 700 | 0 | |a Bernales Rojas, Gerardo |e author |9 497889 | |
| 245 | 1 | 0 | |a Derecho Político |
| 250 | |a 1a. ed | ||
| 300 | |a 362 p | ||
| 942 | |c BK | ||
| 945 | |d 20060113 00:00:00 |a jtorresc | ||
| 260 | |a Santiago |b LexisNexis |c 2005 | ||
| 650 | 0 | |a Derecho político |9 257756 | |
| 650 | 0 | |a Teoría del Estado |9 255507 | |
| 650 | 0 | |a Instituciones políticas |9 255506 | |
| 650 | 0 | |a Fuerzas Armadas |9 255504 | |
| 650 | 0 | |a Gobierno |9 255508 | |
| 650 | 7 | |a FUERZAS POLITICAS |2 CL-VaPUC |9 255510 | |
| 650 | 0 | |a Poder político |9 255509 | |
| 650 | 0 | |a Derechos humanos |9 223025 | |
| 650 | 0 | |a Regímenes políticos |9 255513 | |
| 651 | 7 | |a CHILE |2 CL-VaPUC |9 497890 | |
| 583 | |a last modification |c 20180411 11:33:32 |k Rodrigo Vera | ||
| 490 | 0 | |a Colección Estudiantil | |
| 999 | |c 315910 |d 315908 | ||
| 952 | |0 0 |1 0 |4 0 |6 320_983000000000000_QUI_2005 |7 0 |8 A |9 389771 |a BIBDER |b BIBDER |d 2019-11-22 |i 4200969 |o 320.983 QUI 2005 |p 4200969 |r 2023-01-25 |w 2019-11-22 |y BK |k DER | ||